000 00647nam a2200253Ia 4500
003 OSt
005 20221005122148.0
006 a|||||r|||| 00| 0
007 ta
008 221004b |||||||| |||| 00| 0 eng d
024 _a68110
037 _cTextual
040 _aCRL
_cCRL
_beng
041 _2eng
_aeng
082 _aX:80Y1, K71
100 _aWarham Joyce
_9127061
245 0 _aIntroduction to administration for social workers
260 _c1967
490 _aLibrary of social work
650 _a ECONOMICS
650 _aMANAGEMENT
942 _hX:80Y1, K71
_cTEXL
_2cc
999 _c1043454
_d1043454